[Event "36. Copenhagen Open (Politiken Cup)"]
[Site "Elsinore"]
[Date "2014.07.21"]
[Round "1"]
[White "Jensen, Soren"]
[Black "Aabling Thomsen, Jakob"]
[Result "0-1"]
[WhiteElo "1922"]
[BlackElo "2333"]
[PlyCount "76"]
[EventDate "2014.07.21"]
[EventType "swiss"]
[EventRounds "10"]
[EventCountry "DEN"]
[Source "ChessBase"]
[SourceDate "2014.08.29"]

1. e4 c5 2. d4 cxd4 3. c3 Nf6 4. e5 Nd5 5. cxd4 e6 6. Nf3 d6 7. Bd2 Nd7 8. Nc3
Nxc3 9. Bxc3 dxe5 10. dxe5 Be7 11. Bd3 Nc5 12. Bc2 Qxd1+ 13. Rxd1 Bd7 14. O-O
O-O-O 15. Rfe1 Bc6 16. Nd4 Bd5 17. b3 Kb8 18. Bb4 Rc8 19. Nf5 Bf8 20. Ne3 Bc6
21. Nc4 Bb5 22. h3 Bxc4 23. bxc4 Na6 24. Bxf8 Rhxf8 25. Bb3 Rfd8 26. f3 Nb4 27.
Kf1 g5 28. Re4 Rxd1+ 29. Bxd1 Nxa2 30. Rd4 Kc7 31. Ba4 Rd8 32. Rg4 h6 33. h4
Nc3 34. Bc2 a5 35. c5 Rd2 36. Ba4 Nxa4 37. Rxa4 Rd5 38. Rxa5 Rxe5 0-1

[Event "36. Copenhagen Open (Politiken Cup)"]
[Site "Elsinore"]
[Date "2014.07.21"]
[Round "1"]
[White "Jensen, Soren Holm"]
[Black "Semcesen, Daniel"]
[Result "0-1"]
[WhiteElo "1975"]
[BlackElo "2471"]
[PlyCount "76"]
[EventDate "2014.07.21"]
[EventType "swiss"]
[EventRounds "10"]
[EventCountry "DEN"]
[Source "ChessBase"]
[SourceDate "2014.08.29"]

1. e4 e5 2. Nf3 Nc6 3. Bb5 Nf6 4. O-O Bc5 5. Nxe5 Nxe4 6. d3 Nxf2 7. Rxf2 Bxf2+
8. Kxf2 Nxe5 9. Nc3 O-O 10. Kg1 c6 11. d4 Ng6 12. Bd3 d5 13. Qh5 Qh4 14. Qxh4
Nxh4 15. Bg5 Nf5 16. Ne2 f6 17. Bd2 Re8 18. c3 Nd6 19. Ng3 Nc4 20. Bxc4 dxc4
21. b3 Be6 22. Kf2 a5 23. bxc4 Bxc4 24. a3 Bd3 25. h4 Ra6 26. Bf4 Rb6 27. Bc7
Rb2+ 28. Kg1 a4 29. Bd6 Be4 30. Nxe4 Rxe4 31. Kh2 Rxh4+ 32. Kg3 Re4 33. Kf3
Ree2 34. g4 Kf7 35. Rf1 Ke6 36. Bb4 b5 37. Kg3 g5 38. Rh1 Re3# 0-1

[Event "36. Copenhagen Open (Politiken Cup)"]
[Site "Elsinore"]
[Date "2014.07.21"]
[Round "1"]
[White "Jensen, Thore Nyboe"]
[Black "Hviid, Hans Henrik"]
[Result "1-0"]
[WhiteElo "2058"]
[BlackElo "1540"]
[PlyCount "63"]
[EventDate "2014.07.21"]
[EventType "swiss"]
[EventRounds "10"]
[EventCountry "DEN"]
[Source "ChessBase"]
[SourceDate "2014.08.29"]

1. e4 e5 2. Nf3 d6 3. Bc4 h6 4. d4 exd4 5. Nxd4 Nf6 6. Nc3 Nbd7 7. O-O Ne5 8.
Be2 Nfg4 9. f3 Nf6 10. f4 Ned7 11. Bf3 c5 12. Nf5 Ne5 13. fxe5 dxe5 14. Be3
Bxf5 15. exf5 Qb6 16. a3 Qxb2 17. Na4 Qb5 18. c4 Qa5 19. Bxb7 Rd8 20. Bc6+ Nd7
21. Rb1 Qc7 22. Qf3 Bd6 23. Rb7 Qa5 24. f6 g6 25. Bxd7+ Rxd7 26. Qc6 Qd8 27.
Nxc5 Bxc5 28. Bxc5 h5 29. Be7 Qxe7 30. fxe7 Kxe7 31. Qxd7+ Kf8 32. Qxf7# 1-0

[Event "36. Copenhagen Open (Politiken Cup)"]
[Site "Elsinore"]
[Date "2014.07.21"]
[Round "1"]
[White "Jogvansson, Hjalti Toftum"]
[Black "Zude, Erik"]
[Result "0-1"]
[WhiteElo "1944"]
[BlackElo "2381"]
[PlyCount "80"]
[EventDate "2014.07.21"]
[EventType "swiss"]
[EventRounds "10"]
[EventCountry "DEN"]
[Source "ChessBase"]
[SourceDate "2014.08.29"]

1. d4 d6 2. Nf3 Nf6 3. Bf4 g6 4. c4 Bg7 5. Nc3 O-O 6. e4 Nc6 7. d5 e5 8. Bg5
Nd4 9. Nxd4 exd4 10. Qxd4 Nxe4 11. Qxg7+ Kxg7 12. Bxd8 Nxc3 13. bxc3 Rxd8 14.
Bd3 Bd7 15. Kd2 Re8 16. Rhe1 c5 17. Reb1 Rab8 18. a4 Kf6 19. a5 Ke7 20. Re1+
Kd8 21. Rxe8+ Bxe8 22. Ke3 Bd7 23. Kf4 h6 24. Re1 b6 25. a6 Kc7 26. h4 Re8 27.
Rxe8 Bxe8 28. h5 Kd8 29. Be2 g5+ 30. Ke4 Bd7 31. g4 Ke7 32. f4 f5+ 33. gxf5 Kf6
34. fxg5+ Kxg5 35. f6 Kxf6 36. Kf4 Bc8 37. Bd1 Bxa6 38. Bb3 Bc8 39. Ba4 a6 40.
Bc6 Bf5 0-1

[Event "36. Copenhagen Open (Politiken Cup)"]
[Site "Elsinore"]
[Date "2014.07.21"]
[Round "1"]
[White "Johannesen, Lars Peter Meldgaar"]
[Black "Hallerod, Ralph"]
[Result "0-1"]
[WhiteElo "1711"]
[BlackElo "2126"]
[PlyCount "74"]
[EventDate "2014.07.21"]
[EventType "swiss"]
[EventRounds "10"]
[EventCountry "DEN"]
[Source "ChessBase"]
[SourceDate "2014.08.29"]

1. e4 c6 2. d4 d5 3. exd5 cxd5 4. Bf4 Nc6 5. c3 Nf6 6. Bd3 g6 7. f3 Nh5 8. Be3
Qd6 9. Qd2 Bg7 10. Ne2 Bd7 11. Bh6 e5 12. Bxg7 Nxg7 13. dxe5 Nxe5 14. Na3 O-O
15. Bb5 Bxb5 16. Nxb5 Qc5 17. Nbd4 Nc4 18. Qc1 Rfe8 19. O-O Rxe2 20. Kh1 Re7
21. f4 Ne3 22. Rf3 Rae8 23. Qd2 Nef5 24. g4 Nxd4 25. cxd4 Qc8 26. f5 Re2 27.
Qh6 Re1+ 28. Rxe1 Rxe1+ 29. Kg2 Qc2+ 30. Kh3 Re2 31. Qf4 h5 32. fxg6 hxg4+ 33.
Kxg4 Qxg6+ 34. Kh3 Qh5+ 35. Kg3 Qxh2+ 36. Kg4 Rg2+ 37. Rg3 Qh5# 0-1

[Event "36. Copenhagen Open (Politiken Cup)"]
[Site "Elsinore"]
[Date "2014.07.21"]
[Round "1"]
[White "Jorgensen, Dennis"]
[Black "Frederiksen Kristian, Pade"]
[Result "1-0"]
[WhiteElo "2216"]
[BlackElo "1828"]
[PlyCount "59"]
[EventDate "2014.07.21"]
[EventType "swiss"]
[EventRounds "10"]
[EventCountry "DEN"]
[Source "ChessBase"]
[SourceDate "2014.08.29"]

1. d4 Nf6 2. Nf3 d6 3. g3 g6 4. Bg2 Bg7 5. O-O O-O 6. c4 Nc6 7. Nc3 a6 8. h3
Rb8 9. Qd3 b5 10. d5 bxc4 11. Qxc4 Rb4 12. Qd3 Ne5 13. Nxe5 dxe5 14. Qc2 Bf5
15. e4 Bd7 16. Be3 Qc8 17. Kh2 Qb7 18. b3 Rd4 19. Rac1 c5 20. dxc6 Bxc6 21.
Bxd4 exd4 22. Nd5 Bb5 23. Nxf6+ exf6 24. Rfd1 Qb6 25. a4 Bd7 26. Qc7 Qe6 27.
Rxd4 Rc8 28. Qxc8+ Bxc8 29. Rd8+ Bf8 30. Rcxc8 1-0

[Event "36. Copenhagen Open (Politiken Cup)"]
[Site "Elsinore"]
[Date "2014.07.21"]
[Round "1"]
[White "Justinussen, Sigurd B"]
[Black "Smerdon, David"]
[Result "0-1"]
[WhiteElo "1978"]
[BlackElo "2519"]
[PlyCount "40"]
[EventDate "2014.07.21"]
[EventType "swiss"]
[EventRounds "10"]
[EventCountry "DEN"]
[Source "ChessBase"]
[SourceDate "2014.08.29"]

1. e4 d5 2. exd5 Nf6 3. d4 Bg4 4. Nf3 Qxd5 5. Be2 Nc6 6. Be3 O-O-O 7. O-O Qh5
8. c4 e5 9. Nc3 exd4 10. Nxd4 Nxd4 11. Bxg4+ Qxg4 12. Qa4 a6 13. b4 Nf3+ 14.
Kh1 Nh4 15. Rg1 Qxc4 16. Rac1 Ng4 17. Nb1 Qf4 18. Rxc7+ Qxc7 19. Rc1 Qxc1+ 20.
Bxc1 Rd1+ 0-1

[Event "36. Copenhagen Open (Politiken Cup)"]
[Site "Elsinore"]
[Date "2014.07.21"]
[Round "1"]
[White "Kaasen, Tor Fredrik"]
[Black "Brondum, Eric"]
[Result "1/2-1/2"]
[WhiteElo "1676"]
[BlackElo "2119"]
[PlyCount "69"]
[EventDate "2014.07.21"]
[EventType "swiss"]
[EventRounds "10"]
[EventCountry "DEN"]
[Source "ChessBase"]
[SourceDate "2014.08.29"]

1. e4 g6 2. d4 Bg7 3. Nc3 d6 4. Be3 a6 5. h4 h5 6. Qd2 b5 7. a3 Bb7 8. Be2 Nd7
9. g4 hxg4 10. Bxg4 Ngf6 11. Bf3 Qc8 12. Nge2 c5 13. dxc5 Ne5 14. Bg2 Nc4 15.
Qc1 Nxe3 16. Qxe3 Qxc5 17. Qxc5 dxc5 18. Nf4 e6 19. O-O-O Bh6 20. Nce2 e5 21.
Rd6 Nh5 22. Rb6 O-O-O 23. Kb1 Nxf4 24. Nxf4 Bxf4 25. Bh3+ Kb8 26. a4 Rxh4 27.
axb5 axb5 28. Rxb5 Rdh8 29. Rd1 Kc7 30. Rd7+ Kc6 31. Rdxb7 c4 32. R7b6+ Kc7 33.
Rb7+ Kc6 34. R7b6+ Kc7 35. Rb7+ 1/2-1/2

[Event "36. Copenhagen Open (Politiken Cup)"]
[Site "Elsinore"]
[Date "2014.07.21"]
[Round "1"]
[White "Kistrup, Nicolai"]
[Black "Riis, Jens"]
[Result "0-1"]
[WhiteElo "1786"]
[BlackElo "2172"]
[PlyCount "98"]
[EventDate "2014.07.21"]
[EventType "swiss"]
[EventRounds "10"]
[EventCountry "DEN"]
[Source "ChessBase"]
[SourceDate "2014.08.29"]

1. d4 d5 2. Nf3 Nf6 3. c4 c6 4. Nc3 Qb6 5. Qb3 Bf5 6. c5 Qc7 7. Ne5 Nbd7 8. Bf4
Qc8 9. h3 Nxe5 10. Bxe5 Nd7 11. Bh2 e5 12. e3 Be7 13. Be2 O-O 14. Qa4 Re8 15.
O-O exd4 16. exd4 Bf6 17. Qd1 Nf8 18. Bd3 Bg6 19. Ne2 Bh5 20. Qd2 Ne6 21. Bf5
Bxe2 22. Qxe2 Nxd4 23. Bxh7+ Kxh7 24. Qd3+ Qf5 25. Qxf5+ Nxf5 26. Rab1 Re2 27.
b4 Rxa2 28. b5 Bd4 29. bxc6 bxc6 30. Rbc1 Re8 31. Bf4 Ree2 32. Bc7 Rxf2 33.
Rxf2 Bxf2+ 34. Kh2 Nd4 35. Rf1 Ne6 36. Bd6 Kg6 37. Rc1 Be3 38. Rc3 d4 39. Rd3
Nf4 40. Bxf4 Bxf4+ 41. Kg1 Rc2 42. Kf1 Be3 43. Ra3 Rxc5 44. Ke2 a5 45. g4 Kg5
46. Rb3 Rb5 47. Ra3 Kf4 48. Ra2 Ke4 49. Ra1 c5 0-1

[Event "36. Copenhagen Open (Politiken Cup)"]
[Site "Elsinore"]
[Date "2014.07.21"]
[Round "1"]
[White "Klings, Peter"]
[Black "Fossan, Andreas"]
[Result "1-0"]
[WhiteElo "2128"]
[BlackElo "1712"]
[PlyCount "63"]
[EventDate "2014.07.21"]
[EventType "swiss"]
[EventRounds "10"]
[EventCountry "DEN"]
[Source "ChessBase"]
[SourceDate "2014.08.29"]

1. e4 e6 2. d4 d5 3. e5 c5 4. c3 Nc6 5. Nf3 Bd7 6. Be2 Nge7 7. O-O Qb6 8. dxc5
Qxc5 9. b4 Qb6 10. b5 Na5 11. a4 Ng6 12. Bd3 Bc5 13. h4 Ne7 14. h5 Nf5 15. Bf4
O-O-O 16. Nbd2 h6 17. g4 Ne7 18. Qe2 Rdg8 19. Bg3 g6 20. hxg6 h5 21. Ng5 Nxg6
22. Nxf7 Rh7 23. Nd6+ Bxd6 24. exd6 hxg4 25. c4 dxc4 26. Nxc4 Nxc4 27. Rac1 Kb8
28. Rxc4 Rh3 29. Rxg4 Ne7 30. Rxg8+ Nxg8 31. Qg4 Rh8 32. Qg7 1-0

[Event "36. Copenhagen Open (Politiken Cup)"]
[Site "Elsinore"]
[Date "2014.07.21"]
[Round "1"]
[White "Kovshoj, Sune"]
[Black "Suntharalingam, Jarani"]
[Result "1-0"]
[WhiteElo "2086"]
[BlackElo "1646"]
[PlyCount "95"]
[EventDate "2014.07.21"]
[EventType "swiss"]
[EventRounds "10"]
[EventCountry "DEN"]
[Source "ChessBase"]
[SourceDate "2014.08.29"]

1. e4 c5 2. Nf3 e6 3. d4 cxd4 4. Nxd4 Nf6 5. Nc3 a6 6. Bd3 Bc5 7. Nb3 Be7 8. e5
Nd5 9. Nxd5 exd5 10. Qf3 d4 11. Qg3 Bf8 12. Nxd4 Nc6 13. Nxc6 dxc6 14. Be3 Bb4+
15. Ke2 g6 16. Rad1 Qe7 17. Bg5 Qe6 18. Bf6 Rg8 19. f3 Be7 20. Bxe7 Qxe7 21.
Bc4 Bd7 22. Rd6 O-O-O 23. Rhd1 Rge8 24. Kf2 Rf8 25. Qf4 Bf5 26. c3 Bd7 27. g3
Bf5 28. Qd4 Bd7 29. Qc5 Rfe8 30. f4 Kc7 31. a4 Bf5 32. b4 Bc2 33. R1d2 Bxa4 34.
Qa5+ Kc8 35. Qxa4 Rxd6 36. Rxd6 Rd8 37. Qd1 Re8 38. Qd4 h6 39. Qb6 h5 40. Bxa6
Kb8 41. Bxb7 Qxb7 42. Rxc6 Qxb6+ 43. Rxb6+ Kc7 44. Rf6 Re7 45. Ke3 Rd7 46. c4
Kb7 47. c5 Kc7 48. Rd6 1-0

[Event "36. Copenhagen Open (Politiken Cup)"]
[Site "Elsinore"]
[Date "2014.07.21"]
[Round "1"]
[White "Krantz, Christopher"]
[Black "Holmstrom, Johan Ravnborg"]
[Result "1-0"]
[WhiteElo "2219"]
[BlackElo "1834"]
[PlyCount "83"]
[EventDate "2014.07.21"]
[EventType "swiss"]
[EventRounds "10"]
[EventCountry "DEN"]
[Source "ChessBase"]
[SourceDate "2014.08.29"]

1. Nf3 Nf6 2. c4 b6 3. g3 Bb7 4. Bg2 e6 5. O-O Be7 6. Nc3 O-O 7. d4 d5 8. cxd5
Nxd5 9. Nxd5 Bxd5 10. Qc2 Nd7 11. e4 Bb7 12. Rd1 Nf6 13. Ne5 Qd6 14. Nxf7 Bxe4
15. Bxe4 Kxf7 16. Bf4 Qd8 17. Bxa8 Qxa8 18. Qxc7 Rc8 19. Qe5 Rc2 20. Rd2 Rc8
21. Re2 Qc6 22. Rae1 Rd8 23. Rc1 Qd5 24. b3 Rd7 25. Qxd5 exd5 26. Rc7 Rxc7 27.
Bxc7 Nd7 28. Be5 g6 29. f4 b5 30. Rc2 Ke6 31. g4 h5 32. Rc6+ Kf7 33. gxh5 gxh5
34. Rc7 Nxe5 35. dxe5 d4 36. f5 Ke8 37. e6 Bg5 38. Rd7 a5 39. Kg2 Bf6 40. Kf3
a4 41. Ke4 axb3 42. axb3 1-0

[Event "36. Copenhagen Open (Politiken Cup)"]
[Site "Elsinore"]
[Date "2014.07.21"]
[Round "1"]
[White "Kristensen, Bjarke Hautop"]
[Black "Houska, Jovanka"]
[Result "0-1"]
[WhiteElo "1952"]
[BlackElo "2409"]
[PlyCount "48"]
[EventDate "2014.07.21"]
[EventType "swiss"]
[EventRounds "10"]
[EventCountry "DEN"]
[Source "ChessBase"]
[SourceDate "2014.08.29"]

1. d4 d5 2. c4 e6 3. Nc3 Nf6 4. cxd5 exd5 5. Bg5 Be7 6. e3 O-O 7. Bd3 Nbd7 8.
Nge2 b6 9. O-O Bb7 10. Ng3 g6 11. Bh6 Re8 12. h4 Nf8 13. h5 a6 14. Qf3 Ne6 15.
Nce2 Bc8 16. Nf4 Nxf4 17. Qxf4 Ng4 18. hxg6 hxg6 19. Ne2 Be6 20. e4 Kh7 21.
exd5 Qxd5 22. Be4 Qh5 23. Rfe1 Bd6 24. Qf3 Qh2+ 0-1

[Event "36. Copenhagen Open (Politiken Cup)"]
[Site "Elsinore"]
[Date "2014.07.21"]
[Round "1"]
[White "Larsen, Preben R"]
[Black "Rewitz, Poul"]
[Result "0-1"]
[WhiteElo "1833"]
[BlackElo "2218"]
[PlyCount "52"]
[EventDate "2014.07.21"]
[EventType "swiss"]
[EventRounds "10"]
[EventCountry "DEN"]
[Source "ChessBase"]
[SourceDate "2014.08.29"]

1. c4 b6 2. Nc3 e6 3. Nf3 Bb7 4. d3 c5 5. Bf4 Be7 6. e3 h5 7. h3 g5 8. Bh2 d6
9. Nd2 f5 10. Rg1 Nf6 11. g3 Qd7 12. Bg2 g4 13. h4 Nc6 14. a3 Ne5 15. Bxb7 Qxb7
16. Qe2 Nf3+ 17. Nxf3 gxf3 18. Qd2 Ng4 19. Rh1 Bf6 20. e4 Bxc3 21. Qxc3 O-O-O
22. O-O-O fxe4 23. dxe4 Nxf2 24. Rhf1 Nxd1 25. Qxf3 Nxb2 26. Kxb2 Qg7+ 0-1

[Event "36. Copenhagen Open (Politiken Cup)"]
[Site "Elsinore"]
[Date "2014.07.21"]
[Round "1"]
[White "Laustsen, Lars"]
[Black "Huse, Sigurd Kjelsbol"]
[Result "1-0"]
[WhiteElo "2115"]
[BlackElo "1675"]
[PlyCount "59"]
[EventDate "2014.07.21"]
[EventType "swiss"]
[EventRounds "10"]
[EventCountry "DEN"]
[Source "ChessBase"]
[SourceDate "2014.08.29"]

1. d4 d5 2. c4 c6 3. Nf3 Nf6 4. Nc3 e6 5. g3 Bb4 6. Bg2 Bxc3+ 7. bxc3 Qa5 8.
Qc2 Ne4 9. Bb2 Nd7 10. O-O Nb6 11. Ne5 Nf6 12. cxd5 exd5 13. c4 O-O 14. cxd5
Nfxd5 15. e4 Ne7 16. a4 Nd7 17. Nc4 Qc7 18. f4 Nb6 19. Ne5 Qd8 20. f5 f6 21.
Qb3+ Kh8 22. Nf7+ Rxf7 23. Qxf7 Ng8 24. a5 Nd7 25. e5 Rb8 26. e6 Nh6 27. Qh5
Nf8 28. Rfe1 Ng8 29. e7 Nxe7 30. Qf7 1-0

[Event "36. Copenhagen Open (Politiken Cup)"]
[Site "Elsinore"]
[Date "2014.07.21"]
[Round "1"]
[White "Le Roux, Jean Pierre"]
[Black "Olsen, Michael Richard W"]
[Result "1-0"]
[WhiteElo "2560"]
[BlackElo "1990"]
[PlyCount "73"]
[EventDate "2014.07.21"]
[EventType "swiss"]
[EventRounds "10"]
[EventCountry "DEN"]
[Source "ChessBase"]
[SourceDate "2014.08.29"]

1. d4 d5 2. Nf3 Nf6 3. c4 c5 4. cxd5 cxd4 5. Qxd4 Qxd5 6. Nc3 Qxd4 7. Nxd4 a6
8. g3 e5 9. Nb3 Bb4 10. Bg2 Nbd7 11. O-O O-O 12. Rd1 h6 13. Be3 Bxc3 14. bxc3
Ng4 15. Bc1 Ra7 16. h3 Ngf6 17. Be3 b6 18. Rd6 Rc7 19. Rc6 Rxc6 20. Bxc6 Re8
21. c4 Re6 22. Ba8 Rd6 23. Rc1 a5 24. g4 Ba6 25. a4 Nf8 26. Kf1 Ne6 27. Ke1 Nd4
28. Bxd4 exd4 29. c5 bxc5 30. Nxc5 Rd8 31. Bf3 Bc8 32. Rb1 Be6 33. Nxe6 fxe6
34. Rb5 Nd5 35. Bxd5 Rxd5 36. Rxd5 exd5 37. Kd2 1-0

[Event "36. Copenhagen Open (Politiken Cup)"]
[Site "Elsinore"]
[Date "2014.07.21"]
[Round "1"]
[White "Liedbeck, Patrik"]
[Black "Rydstrom, Tom"]
[Result "0-1"]
[WhiteElo "1858"]
[BlackElo "2234"]
[PlyCount "61"]
[EventDate "2014.07.21"]
[EventType "swiss"]
[EventRounds "10"]
[EventCountry "DEN"]
[Source "ChessBase"]
[SourceDate "2014.08.29"]

1. e4 e5 2. Nf3 Nc6 3. Bc4 Bc5 4. c3 Nf6 5. d3 d6 6. O-O a6 7. Bb3 Ba7 8. Re1
h6 9. h3 g5 10. d4 g4 11. hxg4 Nxg4 12. Be3 Rg8 13. Nbd2 Qf6 14. dxe5 Qg7 15.
Nh4 Nxe3 16. fxe3 Nxe5 17. Qe2 Bg4 18. Qf1 Qg5 19. Qf2 Qh5 20. Bc2 O-O-O 21.
Nf5 Kb8 22. Qh4 Qxh4 23. Nxh4 Rg5 24. Kf2 Rdg8 25. Ndf3 Bxf3 26. gxf3 Rg3 27.
b3 Nxf3 28. Nxf3 Rg2+ 29. Kf1 Rxc2 30. Re2 Rxc3 31. Rae1 0-1

[Event "36. Copenhagen Open (Politiken Cup)"]
[Site "Elsinore"]
[Date "2014.07.21"]
[Round "1"]
[White "Louis, Thibault"]
[Black "Undheim, Bjarne"]
[Result "1-0"]
[WhiteElo "2249"]
[BlackElo "1870"]
[PlyCount "53"]
[EventDate "2014.07.21"]
[EventType "swiss"]
[EventRounds "10"]
[EventCountry "DEN"]
[Source "ChessBase"]
[SourceDate "2014.08.29"]

1. e4 d5 2. exd5 Nf6 3. Nf3 Qxd5 4. d4 Bg4 5. Be2 e6 6. c4 Bb4+ 7. Nc3 Qf5 8.
h3 Bxf3 9. Bxf3 Nc6 10. O-O O-O 11. Be3 Rfd8 12. Qb3 Bd6 13. c5 Bf4 14. Qxb7
Ne7 15. g4 Qg5 16. Ne4 Nxe4 17. Qxe4 Nd5 18. Bxf4 Nxf4 19. Qe5 Rab8 20. b3
Nxh3+ 21. Kg2 Nf4+ 22. Kg3 Nh5+ 23. Kh2 Qh4+ 24. Kg2 Nf6 25. Rh1 Nxg4 26. Rxh4
Nxe5 27. dxe5 1-0

[Event "36. Copenhagen Open (Politiken Cup)"]
[Site "Elsinore"]
[Date "2014.07.21"]
[Round "1"]
[White "Lunde, Sigmund"]
[Black "Rosenkilde, Alexander"]
[Result "0-1"]
[WhiteElo "1879"]
[BlackElo "2255"]
[PlyCount "76"]
[EventDate "2014.07.21"]
[EventType "swiss"]
[EventRounds "10"]
[EventCountry "DEN"]
[Source "ChessBase"]
[SourceDate "2014.08.29"]

1. e4 c5 2. Nc3 Nc6 3. f4 e6 4. Nf3 d5 5. d3 Be7 6. Bd2 Nf6 7. g3 O-O 8. Bg2
Rb8 9. a4 a6 10. e5 Nd7 11. O-O b5 12. axb5 axb5 13. Qe2 b4 14. Nd1 Qb6 15. c4
bxc3 16. bxc3 Ba6 17. Kh1 Na5 18. Nf2 Nb3 19. Rab1 Qa5 20. Be1 Qa3 21. Bd2 Rb6
22. f5 exf5 23. Bg5 Re8 24. Bf4 Bb7 25. Qc2 g6 26. Nd2 Nxd2 27. Rxb6 Nxb6 28.
Bxd2 Bd8 29. d4 Ba6 30. Rb1 Bc4 31. Nd3 cxd4 32. cxd4 Qxd3 33. Qb2 Na4 34. Qb4
Ba5 35. Qxa5 Qxb1+ 36. Be1 Nb2 37. Qb4 Qc1 38. h4 Nd3 0-1

[Event "36. Copenhagen Open (Politiken Cup)"]
[Site "Elsinore"]
[Date "2014.07.21"]
[Round "1"]
[White "Markussen, Benno Orvad"]
[Black "Pedersen, Henrik Bolding"]
[Result "0-1"]
[WhiteElo "1732"]
[BlackElo "2134"]
[PlyCount "86"]
[EventDate "2014.07.21"]
[EventType "swiss"]
[EventRounds "10"]
[EventCountry "DEN"]
[Source "ChessBase"]
[SourceDate "2014.08.29"]

1. c4 Nf6 2. Nc3 e5 3. g3 Bb4 4. Bg2 O-O 5. e3 c6 6. a3 Bxc3 7. bxc3 e4 8. Qc2
Re8 9. Ne2 Na6 10. d4 exd3 11. Qxd3 Nc5 12. Qc2 d6 13. Nd4 Qe7 14. O-O Ng4 15.
a4 Ne5 16. Qe2 Be6 17. Nxe6 Qxe6 18. Ba3 Qxc4 19. Qxc4 Nxc4 20. Bxc5 dxc5 21.
a5 a6 22. Rfb1 Rab8 23. Ra4 Nd6 24. Rd1 Red8 25. e4 Kf8 26. e5 Nb5 27. Rc1 Rd2
28. Bf1 Rbd8 29. Rf4 Rd1 30. Rc2 Re1 31. Re2 Rxe2 32. Bxe2 Nxc3 33. Bc4 Rd1+
34. Kg2 Nd5 35. Re4 Ke7 36. f4 Rd4 37. Kf3 Rd2 38. h4 Rc2 39. g4 Rc3+ 40. Ke2
Rg3 41. Kf2 Rxg4 42. Kf3 Rxh4 43. Kg3 g5 0-1

[Event "36. Copenhagen Open (Politiken Cup)"]
[Site "Elsinore"]
[Date "2014.07.21"]
[Round "1"]
[White "Matlakov, Maxim"]
[Black "Rasmussen, Morten Fredsgaard"]
[Result "1-0"]
[WhiteElo "2685"]
[BlackElo "1949"]
[PlyCount "31"]
[EventDate "2014.07.21"]
[EventType "swiss"]
[EventRounds "10"]
[EventCountry "DEN"]
[Source "ChessBase"]
[SourceDate "2014.08.29"]

1. e4 c6 2. d4 d5 3. Nc3 dxe4 4. Nxe4 Bf5 5. Ng3 Bg6 6. Nh3 e5 7. dxe5 Qa5+ 8.
c3 Qxe5+ 9. Be2 Nf6 10. O-O Be7 11. Re1 O-O 12. Bf3 Qc7 13. Bf4 Qd8 14. Qb3 b6
15. Rad1 Nfd7 16. Bxb8 1-0

[Event "36. Copenhagen Open (Politiken Cup)"]
[Site "Elsinore"]
[Date "2014.07.21"]
[Round "1"]
[White "Matthiesen, Martin"]
[Black "Molvig, Julius"]
[Result "1-0"]
[WhiteElo "2316"]
[BlackElo "1892"]
[PlyCount "109"]
[EventDate "2014.07.21"]
[EventType "swiss"]
[EventRounds "10"]
[EventCountry "DEN"]
[Source "ChessBase"]
[SourceDate "2014.08.29"]

1. d4 Nf6 2. c4 g6 3. Nc3 Bg7 4. e4 d6 5. f3 O-O 6. Be3 Na6 7. Nge2 c5 8. d5 e6
9. Ng3 exd5 10. cxd5 Nc7 11. a4 Re8 12. Be2 Rb8 13. Qd2 h5 14. O-O b6 15. Nh1
a6 16. Rab1 b5 17. axb5 axb5 18. b4 c4 19. Ra1 Qe7 20. Ra7 Bb7 21. Bd4 Nd7 22.
Nf2 Bxd4 23. Qxd4 Qf6 24. Qd2 Nb6 25. Rb1 Re7 26. Ra5 Ra8 27. Nfd1 Ba6 28. Ne3
Rae8 29. Nc2 Na4 30. Nxa4 bxa4 31. Qd4 Qxd4+ 32. Nxd4 Ra8 33. Rxa4 Ree8 34. b5
Reb8 35. Bxc4 Bb7 36. Rba1 Rxa4 37. Rxa4 Na8 38. Ra7 Nb6 39. Bb3 Kf8 40. Kf2
Nc8 41. Ra5 Ra8 42. Rxa8 Bxa8 43. Nc2 Ke7 44. Ke3 Kd7 45. Na3 Kc7 46. Nc4 Nb6
47. Kd4 f6 48. f4 Bb7 49. h4 Bc8 50. Nxb6 Kxb6 51. e5 fxe5+ 52. fxe5 dxe5+ 53.
Kxe5 Bf5 54. d6 Kxb5 55. Be6 1-0

[Event "36. Copenhagen Open (Politiken Cup)"]
[Site "Elsinore"]
[Date "2014.07.21"]
[Round "1"]
[White "Mehringer, Joerg"]
[Black "Muschik, Benedikt"]
[Result "0-1"]
[WhiteElo "1939"]
[BlackElo "2353"]
[PlyCount "62"]
[EventDate "2014.07.21"]
[EventType "swiss"]
[EventRounds "10"]
[EventCountry "DEN"]
[Source "ChessBase"]
[SourceDate "2014.08.29"]

1. e4 g6 2. g3 Bg7 3. Bg2 d6 4. Ne2 Nc6 5. O-O h5 6. h3 e5 7. d3 Be6 8. c3 Qd7
9. Kh2 Nh6 10. d4 Bc4 11. d5 Ne7 12. b3 Ba6 13. c4 f5 14. Bb2 h4 15. exf5 hxg3+
16. Nxg3 Nexf5 17. Kg1 Nh4 18. Nd2 Nxg2 19. Kxg2 Nf5 20. Qg4 O-O-O 21. Rh1 Bh6
22. Nde4 Rdf8 23. Bc1 Bf4 24. Bxf4 exf4 25. Nf1 f3+ 26. Kg1 Rh4 27. Qxf3 Qe7
28. Ned2 Nd4 29. Qe3 Ne2+ 30. Kh2 Qe5+ 31. Qxe5 Rxf2# 0-1

[Event "36. Copenhagen Open (Politiken Cup)"]
[Site "Elsinore"]
[Date "2014.07.21"]
[Round "1"]
[White "Meier, Georg"]
[Black "Svedberg, Hans"]
[Result "1-0"]
[WhiteElo "2632"]
[BlackElo "1997"]
[PlyCount "113"]
[EventDate "2014.07.21"]
[EventType "swiss"]
[EventRounds "10"]
[EventCountry "DEN"]
[Source "ChessBase"]
[SourceDate "2014.08.29"]

1. e4 c5 2. Nf3 d6 3. Bb5+ Nd7 4. d4 cxd4 5. Qxd4 Ngf6 6. Bg5 e6 7. Nc3 Be7 8.
O-O-O a6 9. Bxd7+ Bxd7 10. e5 dxe5 11. Nxe5 Bc6 12. Nxc6 bxc6 13. Bxf6 gxf6 14.
Qf4 Qa5 15. Ne4 Qe5 16. Qxe5 fxe5 17. Nd6+ Kf8 18. Nc4 Rg8 19. g3 Rg5 20. Rhe1
Rf5 21. Nxe5 Rxf2 22. Rf1 Rxh2 23. Nxf7 Kg8 24. Rd7 Re8 25. Kd1 Rh5 26. Ke2 a5
27. g4 Rh2+ 28. Kd3 Rg2 29. Rf3 Bf8 30. g5 e5 31. Rf5 e4+ 32. Ke3 Rg3+ 33. Ke2
e3 34. Nh6+ Bxh6 35. gxh6 Rg2+ 36. Ke1 e2 37. Rg7+ Rxg7 38. hxg7 Kxg7 39. Rxa5
Kg6 40. Rc5 Re6 41. a4 h5 42. a5 h4 43. a6 Re7 44. Rxc6+ Kg5 45. Rc8 Ra7 46.
Kxe2 Rxa6 47. Kf3 Ra1 48. Rc5+ Kf6 49. Rc4 Kg5 50. Rc5+ Kf6 51. Kg4 Rh1 52. b4
h3 53. b5 h2 54. Kg3 Rg1+ 55. Kxh2 Rg8 56. c4 Ke6 57. b6 1-0

[Event "36. Copenhagen Open (Politiken Cup)"]
[Site "Elsinore"]
[Date "2014.07.21"]
[Round "1"]
[White "Merkesvik, Amalie Isabel"]
[Black "Rimer, Jan"]
[Result "0-1"]
[WhiteElo "1497"]
[BlackElo "2039"]
[PlyCount "74"]
[EventDate "2014.07.21"]
[EventType "swiss"]
[EventRounds "10"]
[EventCountry "DEN"]
[Source "ChessBase"]
[SourceDate "2014.08.29"]

1. e4 c5 2. Nf3 g6 3. d4 cxd4 4. Nxd4 Nc6 5. Nc3 Bg7 6. Be3 Nf6 7. Bd3 O-O 8.
Qd2 Ng4 9. Nxc6 dxc6 10. h4 h5 11. f3 Nxe3 12. Qxe3 Qa5 13. Ke2 Kh7 14. Rag1
Bh6 15. Qf2 f5 16. exf5 Bxf5 17. g4 Bxg4 18. Rxg4 hxg4 19. h5 Qe5+ 20. Kd1 Rxf3
21. hxg6+ Kg7 22. Qh4 Qg5 23. Qxg5 Bxg5 24. Rh7+ Kf6 25. Rf7+ Ke5 26. Rh7 Rh3
27. Rf7 Bf6 28. Ne4 Rg8 29. Nxf6 exf6 30. Re7+ Kf4 31. Rxb7 Rxd3+ 32. cxd3 Rxg6
33. Ke2 f5 34. Rxa7 Rh6 35. b4 Rh2+ 36. Kf1 Kf3 37. Ke1 g3 0-1